The ring of representation /

Bibliographic Details
Main Author: Ross, Stephen David
Corporate Author: NetLibrary, Inc
Format: eBook
Language:English
Published: Albany : State University of New York Press, [1992]
Series:SUNY series in contemporary continental philosophy.
Subjects:
Online Access:Connect to the full text of this electronic book

MARC

Tag First Indicator Second Indicator Subfields
LEADER 00000cam a2200000 4500
001 in00001582829
005 20220103182859.0
006 m u
007 cr cn|||||||||
008 001006s1992 nyu sb 001 0 eng
010 |z 91026923 
020 |a 0585077290 (electronic bk.) :  |c $59.50 
020 |z 0791411095 
020 |z 0791411109 (pbk.) 
035 |a 8259  |b (N$T) 
035 |a nL8259 
040 |a N$T  |c N$T  |d UtOrBLW 
050 1 0 |a B105.R4  |b R67 1992eb 
082 0 4 |a 110  |2 20 
100 1 |a Ross, Stephen David.  |0 http://id.loc.gov/authorities/names/n50046311 
245 1 4 |a The ring of representation /  |c Stephen David Ross. 
264 1 |a Albany :  |b State University of New York Press,  |c [1992] 
264 4 |c ©1992 
300 |a vi, 262 pages ;  |c 24 cm. 
336 |a text  |b txt  |2 rdacontent 
337 |a computer  |b c  |2 rdamedia 
338 |a online resource  |b cr  |2 rdacarrier 
490 1 |a SUNY series in contemporary continental philosophy 
504 |a Includes bibliographical references (pages [215]-242) and index. 
533 |a Electronic reproduction.  |b Boulder, Colo. :  |c NetLibrary,  |d 2000.  |n Available via World Wide Web.  |n Access may be limited to NetLibrary affiliated libraries. 
500 |a Electronic resource. 
650 0 |a Representation (Philosophy)  |0 http://id.loc.gov/authorities/subjects/sh85112936 
655 0 |a Electronic books. 
710 2 |a NetLibrary, Inc.  |0 http://id.loc.gov/authorities/names/no99080690 
776 0 |c Original  |w (DLC) 91026923 
830 0 |a SUNY series in contemporary continental philosophy.  |0 http://id.loc.gov/authorities/names/n84720871 
856 4 1 |u https://proxy.library.tamu.edu/login?url=http://www.netLibrary.com/urlapi.asp?action=summary&v=1&bookid=8259  |z Connect to the full text of this electronic book  |t 0 
999 |a MARS 
999 f f |s fa74b7e4-33fa-3195-a28e-692f9f8945d1  |i f01cb67c-c21d-35fb-8bdf-ef28e6536c12  |t 0 
952 f f |a Texas A&M University  |b College Station  |c Electronic Resources  |d Available Online  |t 0  |e B105.R4 R67 1992eb  |h Library of Congress classification 
998 f f |a B105.R4 R67 1992eb  |t 0  |l Available Online